Представление документа в формате MARC21

Поле Инд. ПП Название Значение
Тип записи a
Библиографический уровень a
001 Контрольный номер 512c2f66d93740f2b97714d4481ba31c
005 Дата корректировки 20200928103157.8
040 a Служба первич. каталог. НБ ТвГУ
b Код языка каталог. rus
e Правила каталог. PSBO
041 0_ a Код языка текста rus
097 b Оператор Starichkova.DV
098 b Факультет Институт педагогического образования и социальных технологий
c Кафедра Педагогики и психологии начального образования
100 1_ a Автор Голубева Тамара Алексеевна
q Полное имя Голубева Т. А.
245 10 a Заглавие WorldSkills Internetional как инструмент повышения качества профессионального образования
260 a Место издания Тверь
b Издательство Тверской государственный университет
504 a Библиография Библиогр.: с. 83 (7 назв.)
520 0_ a Аннотация Представлен опыт участия Российской Федерации в движении "WorldSkills Internetional". Рассматриваются проблемы адаптации системы профессионального образования к требованиям компетенций WorldSkills International.
653 0_ a Ключевые слова WorldSkills International
a Ключевые слова WorldSkills Russia
a Ключевые слова Профессиональные компетенции
a Ключевые слова Профессиональное образование
a Ключевые слова Труды Тверского государственного университета
773 18 w Контрольный № источника 16c35705eaa44cf79369e991551d84b9
t Название источника Традиции и новации в профессиональной подготовке и деятельности педагога
d Место и дата издания Тверь : Тверской государственный университет, 2018
g Прочая информация Вып. 16. - С. 79-84.
901 t Тип документа a
920 a Оператор Стар
954 b Дата поступления в ОК 20200928